000 00787nam a2200265 i 4500
001 C2-0295214
003 PPAK
005 20180728030829.0
008 090324s2004 -hka|||| ||||| | eng d
020 _a962011003X
040 _aPPAK
_beng
_cPPAK
_erda
082 0 4 _a428.6
_223
090 0 0 _a428.6
_bJEF
_dK
100 1 _aJefferies, Alan,
_eauthor
245 1 0 _aWhat is the cat doing ?
264 1 _aHong Kong :
_bLongman Hong Kong Education ,
_c2004
300 _a24 pages :
_bcolour illustrations ;
_c24 cm
336 _2rdacontent
_atext
337 _2rdamedia
_aunmediated
338 _2rdacarrier
_avolume
490 1 _aLongman reading project - bright readers level 1
650 1 0 _aReaders
830 0 _aLongman reading project - bright readers level 1
942 _ddc
_cB
999 _c99789
_d99789